[Event "Zadar op-B 25th"]
[Site "Zadar"]
[Date "2018.12.21"]
[Round "8"]
[White "Pesusic, Boris"]
[Black "Dimitrov, Dejan"]
[Result "1-0"]
[WhiteElo "1986"]
[BlackElo "2215"]
[PlyCount "64"]
[EventDate "2018.12.15"]
[EventType "swiss"]
[EventRounds "9"]
[EventCountry "CRO"]
[SourceTitle "CBM 188 Extra"]
[Source "ChessBase"]
[SourceDate "2019.02.26"]
[SourceVersion "1"]
[SourceVersionDate "2019.02.26"]
[SourceQuality "1"]

1. d4 Nf6 2. Nf3 b5 3. Bf4 Bb7 4. e3 a6 5. c4 bxc4 6. Bxc4 e6 7. a3 c5 8. dxc5 Bxc5 9. b4 Be7 10. Nbd2 0-0 11. 0-0 d6 12. h3 Nbd7 13. Nb3 Nb6 14. Be2 Nfd5 15. Bg3 Nc3 16. Qe1 Nxe2+ 17. Qxe2 Bc6 18. Nfd4 Bd5 19. Na5 Bf6 20. Rfd1 Na4 21. Rac1 Rc8 22. Qxa6 Nc3 23. Re1 Ne4 24. Bh2 Rxc1 25. Rxc1 Bh4 26. f3 Bf2+ 27. Kh1 Bxe3 28. fxe4 Bxe4 29. Re1 Qh4 30. Nf3 Qf2 31. Qf1 Qc2 32. Bg1 Bh6 1-0

[Event "Zadar op-B 23rd"]
[Site "Zadar"]
[Date "2016.12.14"]
[Round "6"]
[White "Vidovic, Ante"]
[Black "Pesusic, Boris"]
[Result "1-0"]
[WhiteElo "2093"]
[BlackElo "2018"]
[PlyCount "47"]
[EventDate "2016.12.11"]
[EventType "swiss"]
[EventRounds "9"]
[EventCountry "CRO"]
[SourceTitle "CBM 176 Extra"]
[Source "ChessBase"]
[SourceDate "2017.03.02"]
[SourceVersion "1"]
[SourceVersionDate "2017.03.02"]
[SourceQuality "1"]

1. a3 g6 2. g3 Bg7 3. Bg2 d5 4. Nf3 Nf6 5. 0-0 0-0 6. d3 c5 7. c4 Nc6 8. Nc3 e6 9. Rb1 Qd6 10. Bf4 e5 11. Bg5 d4 12. Bxf6 Qxf6 13. Nd5 Qd6 14. b4 Rb8 15. Ng5 Bf5 16. Ne4 Bxe4 17. Bxe4 b6 18. Qa4 Kh8 19. Nxb6 Nxb4 20. Nd7 Na6 21. Nxb8 Rxb8 22. Rxb8+ Nxb8 23. Rb1 Qf8 24. Qb5 1-0

[Event "Topusko op 5th"]
[Site "Topusko"]
[Date "2016.08.09"]
[Round "5"]
[White "Pesusic, Boris"]
[Black "Kablar, Dorian"]
[Result "0-1"]
[WhiteElo "2058"]
[BlackElo "1412"]
[PlyCount "90"]
[EventDate "2016.08.06"]
[EventType "swiss"]
[EventRounds "9"]
[EventCountry "CRO"]
[SourceTitle "CBM 173 Extra"]
[Source "ChessBase"]
[SourceDate "2016.08.29"]
[SourceVersion "1"]
[SourceVersionDate "2016.08.29"]
[SourceQuality "1"]

1. Nf3 Nf6 2. d4 c5 3. c3 e6 4. Bg5 Be7 5. Nbd2 d5 6. e3 cxd4 7. exd4 a6 8. Bd3 0-0 9. Ne5 h6 10. Bh4 Nfd7 11. Bxe7 Qxe7 12. Ndf3 Nxe5 13. Nxe5 Nd7 14. 0-0 Nxe5 15. dxe5 Bd7 16. Bc2 Bc6 17. Qd4 f6 18. f4 f5 19. a4 b5 20. axb5 Bxb5 21. Rfd1 Qa7 22. Ba4 Rfb8 23. b4 Qxd4+ 24. Rxd4 Rc8 25. Bxb5 axb5 26. Rxa8 Rxa8 27. Rd2 g5 28. g3 gxf4 29. gxf4 Rc8 30. Rd3 Rc4 31. Rf3 d4 32. cxd4 Rxd4 33. Kf1 Rxb4 34. h3 Re4 35. h4 h5 36. Kf2 b4 37. Rg3+ Kh7 38. Kf3 b3 39. Rg2 Rb4 40. Rb2 Kg6 41. Ke3 Kf7 42. Kd3 Rxf4 43. Rxb3 Rf3+ 44. Kc4 Rxb3 45. Kxb3 f4 0-1

[Event "Topusko op 5th"]
[Site "Topusko"]
[Date "2016.08.06"]
[Round "1"]
[White "Siraj, Vita"]
[Black "Pesusic, Boris"]
[Result "0-1"]
[WhiteElo "1340"]
[BlackElo "2058"]
[PlyCount "46"]
[EventDate "2016.08.06"]
[EventType "swiss"]
[EventRounds "9"]
[EventCountry "CRO"]
[SourceTitle "CBM 173 Extra"]
[Source "ChessBase"]
[SourceDate "2016.08.29"]
[SourceVersion "1"]
[SourceVersionDate "2016.08.29"]
[SourceQuality "1"]

1. e4 e5 2. Nf3 Nc6 3. Nc3 Bc5 4. Bc4 Nf6 5. 0-0 0-0 6. d3 h6 7. Be3 Bb6 8. Qd2 Kh7 9. Kh1 d6 10. Nh4 Nxe4 11. dxe4 Qxh4 12. f4 Bxe3 13. Qxe3 Nd4 14. Rac1 Be6 15. Bd3 f5 16. exf5 Bxf5 17. fxe5 dxe5 18. Qxe5 Bxd3 19. cxd3 c6 20. Ne4 Ne2 21. g3 Qg4 22. Rce1 Rad8 23. Nf2 Qf3# 0-1

[Event "Topusko op 3rd"]
[Site "Topusko"]
[Date "2014.08.09"]
[Round "3"]
[White "Kerman, Josip"]
[Black "Pesusic, Boris"]
[Result "1-0"]
[WhiteElo "1700"]
[BlackElo "2021"]
[PlyCount "59"]
[EventDate "2014.08.08"]
[EventType "swiss"]
[EventRounds "9"]
[EventCountry "CRO"]
[SourceTitle "CBM 162 Extra"]
[Source "ChessBase"]
[SourceDate "2014.10.17"]
[SourceVersion "1"]
[SourceVersionDate "2014.10.17"]
[SourceQuality "1"]

1. d4 Nf6 2. c4 e6 3. Nc3 Bb4 4. Bd2 c5 5. dxc5 Bxc5 6. e3 Nc6 7. Nf3 a6 8. Bd3 0-0 9. 0-0 b6 10. a3 Bb7 11. b4 Be7 12. Qc2 Rc8 13. Rad1 Na7 14. e4 d6 15. h3 Qc7 16. Rc1 h6 17. Rfe1 Nd7 18. Be3 Qb8 19. Qa4 Rfd8 20. Nd4 Ne5 21. Qd1 Nxc4 22. Qg4 Nxe3 23. Rxe3 Bf6 24. Nde2 Nc6 25. f4 Nd4 26. Rf1 Nxe2+ 27. Nxe2 e5 28. Ng3 Qc7 29. fxe5 Bxe5 30. Nf5 1-0

[Event "Zadar op-B 20th"]
[Site "Zadar"]
[Date "2013.12.16"]
[Round "3"]
[White "Curic, Drazen"]
[Black "Pesusic, Boris"]
[Result "1-0"]
[WhiteElo "2244"]
[BlackElo "2000"]
[PlyCount "69"]
[EventDate "2013.12.15"]
[EventType "swiss"]
[EventRounds "9"]
[EventCountry "CRO"]
[SourceTitle "CBM 158 Extra"]
[Source "ChessBase"]
[SourceDate "2014.02.28"]
[SourceVersion "1"]
[SourceVersionDate "2014.02.28"]
[SourceQuality "1"]

1. c4 e5 2. Nc3 Nf6 3. g3 d5 4. cxd5 Nxd5 5. Bg2 c6 6. Nf3 f6 7. 0-0 Be6 8. e4 Nxc3 9. bxc3 Qd3 10. Re1 Nd7 11. Nd4 exd4 12. Bf1 Bg4 13. Qxg4 Qc2 14. Qe6+ Be7 15. Ba3 c5 16. Bb5 0-0-0 17. Qxe7 Ne5 18. Kg2 dxc3 19. Qxc5+ Kb8 20. Qxc3 Qxd2 21. Qxd2 Rxd2 22. Bc1 Rc2 23. Bf4 Rc5 24. Ba4 b5 25. Bb3 g5 26. Bxe5+ Rxe5 27. Rad1 a5 28. f4 Rc5 29. fxg5 Rxg5 30. Rd6 a4 31. Bd5 Rc8 32. Rxf6 Rc2+ 33. Rf2 Rxf2+ 34. Kxf2 Kc7 35. Ke3 1-0

[Event "CRO-chT2S"]
[Site "Makarska"]
[Date "2013.10.04"]
[Round "4.5"]
[White "Saric, Kristina"]
[Black "Pesusic, Boris"]
[Result "0-1"]
[WhiteElo "2250"]
[BlackElo "1989"]
[PlyCount "107"]
[EventDate "2013.04.05"]
[EventType "team-tourn"]
[EventRounds "9"]
[EventCountry "CRO"]
[SourceTitle "EXT 2014"]
[Source "ChessBase"]
[SourceDate "2013.11.20"]
[SourceVersion "1"]
[SourceVersionDate "2013.11.20"]
[SourceQuality "1"]
[WhiteTeam "Split Mornar"]
[BlackTeam "Privlaka Sveti Vid"]
[WhiteTeamCountry "CRO"]
[BlackTeamCountry "CRO"]

1. e4 e5 2. Nf3 Nc6 3. Bb5 a6 4. Ba4 Nf6 5. 0-0 Be7 6. Re1 b5 7. Bb3 d6 8. c3 Na5 9. Bc2 c5 10. h3 Qc7 11. d3 0-0 12. Nbd2 Nc6 13. Nf1 Re8 14. a3 d5 15. exd5 Nxd5 16. Ng3 b4 17. axb4 cxb4 18. c4 Nb6 19. Be3 Rb8 20. b3 g6 21. d4 exd4 22. Bg5 Bb7 23. Ne4 Bxg5 24. Nfxg5 Nd7 25. Qg4 Nce5 26. Qh4 h5 27. Qg3 Qc6 28. f4 d3 29. Bxd3 Nxd3 30. Qxd3 Nc5 31. Qd5 Qxd5 32. cxd5 Nxe4 33. Nxe4 Kg7 34. Nc5 Bxd5 35. Nxa6 Rxe1+ 36. Rxe1 Rb6 37. Nc5 Rb5 38. Rc1 Ra5 39. Rc2 Ra1+ 40. Kf2 Rb1 41. Rd2 Bxb3 42. Nxb3 Rxb3 43. Rd6 Rc3 44. Rb6 b3 45. Kf1 h4 46. Kg1 f6 47. Kf1 Kf7 48. Ke1 Ke7 49. Kd1 Rg3 50. Kc1 Rxg2 51. Rxb3 Rg3 52. Rb8 Ke6 53. Kd2 Rxh3 54. Ke2 0-1

[Event "Zupanja op 5th"]
[Site "Zupanja"]
[Date "2011.08.19"]
[Round "1"]
[White "Kuljasevic, Davorin"]
[Black "Pesusic, Boris"]
[Result "1-0"]
[WhiteElo "2555"]
[BlackElo "1975"]
[PlyCount "71"]
[EventDate "2011.08.19"]
[EventType "swiss"]
[EventRounds "9"]
[EventCountry "CRO"]
[SourceTitle "CBM 143 Extra"]
[Source "ChessBase"]
[SourceDate "2011.08.29"]
[SourceVersion "1"]
[SourceVersionDate "2011.08.29"]
[SourceQuality "1"]

1. d4 Nf6 2. Nf3 b6 3. c4 e6 4. g3 Bb7 5. Bg2 Bb4+ 6. Bd2 Bxd2+ 7. Qxd2 d5 8. cxd5 Bxd5 9. Nc3 Ne4 10. Qc2 Nxc3 11. bxc3 0-0 12. 0-0 Nd7 13. e4 Bb7 14. Rad1 c6 15. h4 Qc7 16. Rfe1 Rac8 17. Qb1 e5 18. Bh3 Rcd8 19. Qb3 exd4 20. cxd4 c5 21. d5 Ne5 22. Nxe5 Qxe5 23. f4 Qc7 24. Bg2 a6 25. e5 c4 26. Qe3 b5 27. f5 f6 28. d6 Qb8 29. Bxb7 Qxb7 30. e6 Rfe8 31. e7 Rd7 32. Qe6+ Kh8 33. Qf7 Qc8 34. Rd4 c3 35. Rg4 Rg8 36. Rxg7 1-0